Plan de mejoramiento en el proceso de gestión de anuncios en el departamento de ventas publicitarias del diario La Prensa

Presenta una propuesta de un plan de mejoramiento en el proceso de de gestión de publicaciones de anuncios en el departamento de ventas publicitarias del diario La Prensa en base a la metodología de gestión basada en proceso PHUA.

Bibliographic Details
Main Authors: Barahona Jirón, Milagro del Socorro, Guido Álvarez, Bertha Patricia, Meléndez Mixter, Lucía de los Ángeles
Other Authors: Tutor: Torres Mercado, Ronald
Format: Tesis Section = Libro
Language:Undetermined
Spanish
Published: Managua UNI 2012
Subjects:
LEADER 01171nam a2200277Ia 4500
008 240830s9999 xx 000 0 und d
040 |a BIBLIOTECA-RUPAP T.Mon 658.812 B224 
041 |a spa 
082 |a T.Mon 658.812 B224 
100 1 |a Barahona Jirón, Milagro del Socorro 
100 1 |b  Guido Álvarez, Bertha Patricia 
100 1 |c  Meléndez Mixter, Lucía de los Ángeles 
245 1 0 |a Plan de mejoramiento en el proceso de gestión de anuncios en el departamento de ventas publicitarias del diario La Prensa 
260 |a Managua  |b UNI  |c 2012 
300 |a 41 p. :il. 
500 |a Contiene: anexos e Incluye: CD. 
502 |a Tesis (Ingeniero de Sistemas)- UNI, 2012. 
520 3 |a Presenta una propuesta de un plan de mejoramiento en el proceso de de gestión de publicaciones de anuncios en el departamento de ventas publicitarias del diario La Prensa en base a la metodología de gestión basada en proceso PHUA. 
650 7 |a SERVICIO AL CLIENTE 
650 7 |b CALIDAD DE SERVICO 
650 7 |c PUBLICIDAD DE LOS DIARIOS 
650 7 |d PRENSA DIARIOS 
700 1 |a Tutor:  |b Torres Mercado, Ronald 
942 |c BK  |2 ddc 
991 |a TESIS 
999 |c 18745